| 000 | 00778nam a22002297a 4500 | ||
|---|---|---|---|
| 999 |
_c16510 _d16510 |
||
| 003 | AR-CdUCM | ||
| 008 | 190503b ||||| |||| 00| 0 spa d | ||
| 040 |
_aMUNICIPALIDAD PROVINCIAL DEL CUSCO _cBIBLIOTECA MUNICIPAL DEL CUSCO |
||
| 082 |
_a868.3 / _bL45 |
||
| 100 |
_aLeón, Luis de (Fray) _935991 |
||
| 245 | _aPoesías escogidas / | ||
| 260 |
_aMéxico : _bSecretaría de Educación pública, _c1947. |
||
| 300 |
_a95 páginas ; _c20 cm. |
||
| 440 |
_aBiblioteca Enciclopédica Popular. _n138 _935992 |
||
| 505 | _aContenido: Poesías. | ||
| 650 |
_aPoesías españolas _92005 |
||
| 650 |
_aPoesías religiosas _935993 |
||
| 650 |
_aLiteratura Española _9612 |
||
| 700 |
_aMillares Carlo, Agustín (prólogo) _935994 |
||
| 942 |
_2ddc _cLIBROS |
||
| 945 |
_aachl _d2019-05-03 |
||